|
|
|
|
| LEADER |
00000nam0a2200000 4500 |
| 001 |
252535 |
| 005 |
20231101232748.0 |
| 035 |
|
|
|a (RuTPU)RU\TPU\book\274883
|
| 090 |
|
|
|a 252535
|
| 100 |
|
|
|a 20140304d1963 m y0rusy50 ca
|
| 101 |
0 |
|
|a rus
|
| 102 |
|
|
|a RU
|
| 105 |
|
|
|a a z 001ay
|
| 200 |
1 |
|
|a Возвращение (Полдень. 22-й век)
|e фантастическая повесть
|f А. Н. Стругацкий, Б. Н. Стругацкий
|g под ред. В. С. Мальта ; Г. Макаров ; авт. предисл. К. Андреев
|
| 210 |
|
|
|a Москва
|c Государственное издательство детской литературы Министерства просвещения РСФСР
|d 1963
|
| 215 |
|
|
|a 255 с.
|c ил.
|
| 225 |
1 |
|
|a Библиотека приключений и научной фантастики
|
| 606 |
1 |
|
|a Русская литература современная
|2 stltpush
|3 (RuTPU)RU\TPU\subj\26373
|9 50316
|
| 610 |
1 |
|
|a художественная литература
|
| 610 |
1 |
|
|a фантастические повести
|
| 610 |
1 |
|
|a повести
|
| 610 |
1 |
|
|a фантастика
|
| 610 |
1 |
|
|a приключения
|
| 610 |
1 |
|
|a будущее
|
| 675 |
|
|
|a Р2
|v 3
|
| 700 |
|
1 |
|a Стругацкий
|b А. Н.
|c русский писатель
|c фантаст
|f 1925-1991
|g Аркадий Натанович
|2 stltpush
|3 (RuTPU)RU\TPU\pers\14615
|4 070
|9 4854
|
| 701 |
|
1 |
|a Стругацкий
|b Б. Н.
|c русский писатель
|c фантаст
|f 1933-
|g Борис Натанович
|2 stltpush
|3 (RuTPU)RU\TPU\pers\14616
|4 070
|9 4855
|
| 702 |
|
1 |
|a Мальт
|b В. С.
|4 340
|
| 702 |
|
1 |
|a Макаров
|b Г.
|4 040
|
| 702 |
|
1 |
|a Андреев
|b К.
|4 080
|
| 801 |
|
1 |
|a RU
|b 63413507
|c 20140304
|
| 801 |
|
2 |
|a RU
|b 63413507
|c 20211111
|g RCR
|
| 942 |
|
|
|c BK
|